LIBRARY & INFORMATION CENTRE, KCAET, TAVANUR

ONLINE PUBLIC ACCESS CATALOGUE (OPAC)

Design, fabrication and testing of a rainfall simulator (Record no. 15300)

MARC details
000 -LEADER
fixed length control field 00505nam a22001577a 4500
003 - CONTROL NUMBER IDENTIFIER
control field OSt
088 ## - REPORT NUMBER
Report number T 18
100 ## - MAIN ENTRY--AUTHOR NAME
Personal name KURIEN, E. K
245 ## - TITLE STATEMENT
Title Design, fabrication and testing of a rainfall simulator
260 ## - PUBLICATION, DISTRIBUTION, ETC. (IMPRINT)
Place of publication Tavanur 1993
Name of publisher Kelappaji College of Agricultural Engineering and Technology
300 ## - PHYSICAL DESCRIPTION
Number of Pages 85
500 ## - GENERAL NOTE
General note Design, fabrication and testing of a rainfall simulator
520 ## - SUMMARY, ETC.
Summary, etc Design, fabrication and testing of a rainfall simulator
942 ## - ADDED ENTRY ELEMENTS (KOHA)
Koha item type Theses
Holdings
Collection code Home library Current library Shelving location Full call number Accession Number Koha item type Public note
Reference KAUAET KAUAET Reference 631.75807 KUR/DE T 18 Theses M.Tech Thesis
free website counter